| 000 | 01539cam a2200325 i 4500 | ||
|---|---|---|---|
| 001 | 67184 | ||
| 003 | Mx-PuUPA | ||
| 005 | 20240206103024.0 | ||
| 008 | 170419s2013 mx ad gr 000 0 spa d | ||
| 020 | _a9786074386608 | ||
| 040 |
_erda _aMx-PuUPA _bspa _cMx-PuUPA _dMx-PuUPA |
||
| 041 | 0 | _aspa | |
| 100 | 1 |
_aEstrella Suarez, María Verónica, _eautor _94240 |
|
| 245 | 1 | 0 |
_aDesarrollo sustentable : _bun nuevo mañana / _cMaría Verónica Estrella Suárez, Arturo González Vázquez |
| 250 | _aPrimera edición | ||
| 264 | 1 |
_aMéxico, D.F. : _bGrupo Editorial Patria, _c©2013 |
|
| 300 |
_axii, 208 páginas : _bilustraciones, gráficas, diagramas, tablas ; _c27 cm + _e1 disco de computadora (4 3/4 pulg.) |
||
| 336 |
_atexto _2rdacontent _btxt |
||
| 337 |
_asin medio _2rdamedia _bn |
||
| 337 |
_acomputadora _2rdamedia _bc |
||
| 338 |
_avolumen _2rdacarrier _bnc |
||
| 338 |
_adisco compacto _2rdacarrier _bcd |
||
| 538 |
_iRequerimientos del sistema: _asistema operativo: windows XP/Vista/7/8, Mac OSX 10.4 o superior; Procesador: Intel Core2 Duo o superior, memoria RAM de al menos 1GB., CD-ROM y tarjeta de video capaz de desplegar miles de colores, resolución mínima de 1024 x 768 pix., Adobe Acrobat Reader 6.0 o superior, Flash Player 10.0 o superior. |
||
| 650 | 7 |
_aDesarrollo sostenible _zMéxico _2armarc |
|
| 650 | 7 |
_aPolítica medio ambiental _zMéxico _2armarc |
|
| 700 | 1 |
_aGonzález Vázquez, Arturo, _eautor |
|
| 942 |
_2ddc _cLI _h333.715 _iE795 |
||
| 999 |
_c67184 _d67184 |
||